000 nam a22 7a 4500
999 _c233320
_d233320
003 Nust
005 20170306180829.0
008 170306b xxu||||| |||| 00| 0 eng d
020 _a9780753817421
040 _cNust
082 _a821.8
_bLOU
100 _a Stevenson, Robert Louis
245 _aRobert Louis Stevenson/
_cby Robert Louis Stevenson;
260 _aLondon
_bPhoenix
_c2003
300 _a142 p.
650 _aChildren's poetry, English
_xFiction
942 _2ddc
_cBK